| 000 | 01011nam0a22002531 4500 | ||
|---|---|---|---|
| 001 | rc\3699097 | ||
| 005 | 20250610101143.0 | ||
| 021 |
_aRU _b[74-87840] |
||
| 035 | _a(NLR Aleph) 007853069 | ||
| 090 |
_a7784395 _c7784395 |
||
| 100 | _a20130115d1974 |||y0rusy50 ca | ||
| 101 | 0 | _arus | |
| 102 | _aRU | ||
| 105 | _ay z ||||| | ||
| 200 | 1 |
_aВ интересах прогресса и независимости _eОб экон. сотрудничестве стран соц. содружества и молодых государств соц. ориентации |
|
| 210 |
_aКиев _cПолитиздат Украины _d1974 |
||
| 215 |
_a103 с. _d20 |
||
| 606 |
_aЭкономическая помощь социалистических стран развивающимся странам _2psbo |
||
| 700 | 1 |
_aКлимко _bГ.Н. _f1934- _gГригорий Никифорович |
|
| 801 | 0 |
_aRU _bNLR _gpsbo |
|
| 801 | 1 |
_aRU _bELAR _2rusmarc |
|
| 852 |
_aNLR _j74-3/4684 |
||
| 942 | _cBOOK | ||
| 980 | _aNB | ||